Coastal U.S States - Statistics

General Stats
  • This quiz has been taken 190 times
  • The average score is 21 of 23
Answer Stats
Answer % Correct
Washington
100%
California
99%
Florida
98%
Oregon
97%
Alaska
94%
Maine
94%
Maryland
94%
North Carolina
94%
South Carolina
94%
Hawaii
93%
New York
93%
Georgia
91%
New Jersey
90%
Delaware
89%
Virginia
89%
Alabama
88%
Rhode Island
88%
Connecticut
87%
Massachusetts
87%
Texas
83%
Louisiana
82%
New Hampshire
82%
Mississippi
80%
No matching quizzes found
Score Distribution
Percent of People with Each Score
Percentile by Number Answered
Your Score History
You have not taken this quiz